00381nam a2200121 i 4500001000300000245006900003260002100072040000800093041000800101080001100109008004100120856009800161bg 0aEngineering applications of composites /ced. by Bryan R. Noton. aNew York,c1974. cBPK apol a62:669 s pl f |000 0 pol  uhttp://koha.tu.koszalin.pl/cgi-bin/koha/opac-detail.pl?biblionumber=15911yKatalog online BPK